Gospel and cultures: (Record no. 26242)

MARC details
000 -LEADER
fixed length control field 00754nam a2200169Ia 4500
008 - FIXED-LENGTH DATA ELEMENTS--GENERAL INFORMATION
fixed length control field 081213s9999 xx 000 0 und d
020 ## - INTERNATIONAL STANDARD BOOK NUMBER
International Standard Book Number 9290750308
050 ## - LIBRARY OF CONGRESS CALL NUMBER
Classification number BR115 .C8
Item number G68 1996
245 ## - TITLE STATEMENT
Title Gospel and cultures:
Remainder of title reformed perspectives.
Statement of responsibility, etc edited by H. S. Wilson.
260 ## - PUBLICATION, DISTRIBUTION, ETC. (IMPRINT)
Date of publication, distribution, etc 1996
Place of publication, distribution, etc Geneva.
Name of publisher, distributor, etc World Alliance of Reformed Churches.
300 ## - PHYSICAL DESCRIPTION
Extent 159p.
Dimensions 21cm.
650 ## - SUBJECT ADDED ENTRY--TOPICAL TERM
Topical term or geographic name as entry element Christianity and culture congress.
650 ## - SUBJECT ADDED ENTRY--TOPICAL TERM
Topical term or geographic name as entry element Christian union-congress.
942 ## - ADDED ENTRY ELEMENTS (KOHA)
Item type Book
Source of classification or shelving scheme Library of Congress Classification
Holdings
Withdrawn status Lost status Source of classification or shelving scheme Damaged status Not for loan Collection code Home library Current library Shelving location Date acquired Full call number Barcode Copy number Price effective from Koha item type Total Checkouts Date last borrowed
    Library of Congress Classification     Non-fiction Bishop Okullu Memorial Library (Limuru Campus) Bishop Okullu Memorial Library (Limuru Campus) General Circulation 15/12/2008 BR115 .C8 G68 1996 012634 1 15/12/2008 Book    
    Library of Congress Classification     Non-fiction Bishop Okullu Memorial Library (Limuru Campus) Bishop Okullu Memorial Library (Limuru Campus) General Circulation 03/11/2009 BR115 .C8 G68 1996 012659 2 03/11/2009 Book 1 03/04/2017